American Prometheus: The Triumph and Tragedy of J. Robert Oppenheimer (Запис № 579702)

МАРК-запис
000 -Лідер
fixed length control field 01359 a2200265 4500
001 - Контрольний номер
control field 2162214035926623
003 - Ідентифікатор контрольного номера
control field UA-OsUOA
005 - Дата та час останнього входження (трансакції)
control field 20260224105555.0
008 - Елементи даних фіксованої довжини – загальна інформація
fixed length control field 260224b -usao||| |||| 00| 0deng d
020 ## - Міжнародний стандартний книжковий номер (ISBN)
Міжнародний стандартний книжковий номер (ISBN) (НП) 9780375726262
040 ## - Джерело каталогізації
Агенція оригінальної каталогізації UA-OsUOA
Мова каталогізації ukr
Агенція, яка здійснювала перезапис UA-OsUOA
Агенція, яка здійснювала модифікацію UA-OsUOA
041 ## - Код мови
Код мови тексту/ звукової доріжки чи окремого заголовка (П) eng
080 ## - Індекс Універсальної десяткової класифікації
Індекс Універсальної десяткової класифікації (УДК) (НП) 929
090 ## - Локальний шифр розміщення
Класифікаційний індекс УДК 929
Авторський знак (НП) B61
100 ## - Основне введення – ім’я особи
Ім’я особи (НП) Bird K.
9 (RLIN) 23252
245 ## - Відомості про назву
Назва (НП) American Prometheus: The Triumph and Tragedy of J. Robert Oppenheimer
Дані про відповідальність (НП) Kai Bird, Martin J. Sherwin
260 ## - Публікація, розповсюдження і т.п. (Вихідні дані)
Місце публікації, розповсюдження і т.п. (П) New York
Ім’я/ наймення видавництва, розповсюджувача і т.п. (П) Vintage Books
Дата публікації, розповсюдження і т.п. (П) 2006
300 ## - Фізичний опис
Обсяг 721 p.
520 ## - Резюме і т.п.
Резюме, реферат, анотація, тощо (НП) J. Robert Oppenheimer is one of the iconic figures of the twentieth century, a brilliant physicist who led the effort to build the atomic bomb for his country in a time of war, and who later found himself confronting the moral consequences of scientific progress. In this magisterial, acclaimed biography twenty-five years in the making, Kai Bird and Martin Sherwin capture Oppenheimer’s life and times, from his early career to his central role in the Cold War. This is biography and history at its finest, riveting and deeply informative.
650 ## - Додаткове предметне введення – тематичний термін
Тематичний термін чи географічна назва, як елемент введення (НП) 929 Біографічні дослідження
9 (RLIN) 1571
700 1# - Додаткове введення – ім'я особи
Ім’я особи (НП) Sherwin, Martin J.
9 (RLIN) 23254
942 ## - Додаткові елементи входу (Коха)
Тип елемента Koha Книги
Source of classification or shelving scheme Universal Decimal Classification
955 ## - Код типу видання за змістом
Код типу видання за змістом (НП) Науково-популярні видання
Фонди
Стан вилучень Стан втрат Джерело класифікації або схеми стелажів Стан уражень Не для кредиту Код колекції Постійне місце розташування Поточне розміщення Дата придбання Джерело придбання Вартість, звичайна ціна покупки Усього замовленно Повний номер виклику Штрих-код Дата останнього перегляду Вартість, ціна заміни Ціна ефективна від Тип елемента Koha Примітка, призначена для загального доступу
    Universal Decimal Classification     Paul Gordon Brodoway Collection ВІЛ - Відділ іноземн. літератури НБ ВІЛ - Відділ іноземн. літератури НБ 23/02/2026 Акт №06/23.02.2026 100.00   929 B61 217949 24/02/2026 100.00 24/02/2026 Книги Дарувальник Paul Gordon Brodoway